Herby miast w województwie śląskim - Statystyki

Ogólne statystyki
  • Ten quiz został rozwiązany 20 razy
  • Średni wynik to 10 z 20
Statystyki odpowiedzi
Obrazkowy Odpowiedź % Poprawnych
Katowice
94%
Gliwice
88%
Rybnik
88%
Bielsko-Biała
75%
Chorzów
69%
Bytom
63%
Jastrzębie-Zdrój
63%
Sosnowiec
63%
Częstochowa
50%
Dąbrowa Górnicza
50%
Zabrze
50%
Mysłowice
44%
Tychy
44%
Cieszyn
38%
Jaworzno
38%
Ruda Śląska
38%
Racibórz
31%
Zawiercie
25%
Myszków
19%
Żywiec
13%
Nie znaleziono quizów pasujących do podanych kryteriów
Rozkład punktacji
Procent ludzi z każdym wynikiem
Percentyl według liczby udzielonych odpowiedzi
Twoja historia wyników
Nie rozwiązałeś tego quizu